Văn hóa Nhật Bản : Tâm bất sinh
Guardat en:
| Autor principal: | |
|---|---|
| Format: | Llibre |
| Idioma: | Undetermined |
| Publicat: |
Tp. Hồ Chí Minh
Tổng hợp
2005
|
| Matèries: | |
| Etiquetes: |
Afegir etiqueta
Sense etiquetes, Sigues el primer a etiquetar aquest registre!
|
| Thư viện lưu trữ: | Trung tâm Học liệu Trường Đại học Cần Thơ |
|---|
| LEADER | 00637nam a2200217Ia 4500 | ||
|---|---|---|---|
| 001 | CTU_92330 | ||
| 008 | 210402s9999 xx 000 0 und d | ||
| 082 | |a 299.56 | ||
| 082 | |b B218 | ||
| 100 | |a Bankei | ||
| 245 | 0 | |a Văn hóa Nhật Bản : | |
| 245 | 0 | |b Tâm bất sinh | |
| 245 | 0 | |c Bankei ; Peter Hanskel dịch Nhật - Anh ; Trí Hải dịch Việt ngữ | |
| 260 | |a Tp. Hồ Chí Minh | ||
| 260 | |b Tổng hợp | ||
| 260 | |c 2005 | ||
| 650 | |a Buddhism,Japan,Shinto | ||
| 650 | |x Religion | ||
| 650 | |z Japan | ||
| 904 | |i Trúc(Tuyen) | ||
| 980 | |a Trung tâm Học liệu Trường Đại học Cần Thơ | ||